Central Library OPAC University of Rajshahi

বৃষ্টি এল / (Record no. 195)

MARC details
000 -LEADER
fixed length control field 00847nam a22002297a 4500
001 - CONTROL NUMBER
control field 195
003 - CONTROL NUMBER IDENTIFIER
rucl marc code BD-RjUL
005 - DATE AND TIME OF LATEST TRANSACTION
control field 20211208233128.0
008 - FIXED-LENGTH DATA ELEMENTS--GENERAL INFORMATION
fixed length control field 131109s1955 ii | |||| 000 0 ben d
035 ## - SYSTEM CONTROL NUMBER
System control number (BD-RjUL)208
040 ## - CATALOGING SOURCE
Original cataloging agency BD-RjUL
Language of cataloging eng
Transcribing agency BD-RjUL
041 ## - LANGUAGE CODE
Language code of text/sound track or separate title ben
082 04 - DEWEY DECIMAL CLASSIFICATION NUMBER
Edition number 23
Classification number 891.443
Author mark and year MIB 1955
100 1# - MAIN ENTRY--PERSONAL NAME
Personal name মিত্র, প্রেমেন্দ্র
9 (RLIN) 591
245 10 - TITLE STATEMENT
Title বৃষ্টি এল /
Statement of responsibility, etc. প্রেমেন্দ্র মিত্র
250 ## - EDITION STATEMENT
Edition statement ২য় সং.
260 ## - PUBLICATION, DISTRIBUTION, ETC. (IMPRINT)
Place of publication, distribution, etc. কলিকাতা :
Name of publisher, distributor, etc. নিউ এজ পাবলিশার্স লিমিটেড,
Date of publication, distribution, etc. ১৯৫৫.
300 ## - PHYSICAL DESCRIPTION
Pagination ১৩১ পৃ. ;
Size ১৮ সেমি.
650 7# - SUBJECT ADDED ENTRY--TOPICAL TERM
Source of heading or term SLSH
Topical term or geographic name as entry element বাংলা সাহিত্য
9 (RLIN) 603
Form subdivision উপন্যাস
Topical term or geographic name as entry element Bengali literature
9 (RLIN) 572
Form subdivision Literature
942 ## - ADDED ENTRY ELEMENTS (KOHA)
Source of classification or shelving scheme Dewey Decimal Classification
Koha item type Books
Holdings
Lost status Source of classification or shelving scheme Damaged status Not for loan Collection code Permanent Location Current Location Shelving location Date acquired Source of acquisition Cost, normal purchase price Total Checkouts Full call number Date last seen Copy number Koha item type
  Dewey Decimal Classification   Not For Loan Fiction Central Library, University of Rajshahi Central Library, University of Rajshahi Reading Room 06/10/1959 Provincial library 2.00   B 891.443 MIB 1955 09/11/2013 C-1 Books